FoxPro : (Record no. 6469)
[ view plain ]
| 000 -LEADER | |
|---|---|
| fixed length control field | 00631nam a2200193 4500 |
| 008 - FIXED-LENGTH DATA ELEMENTS--GENERAL INFORMATION | |
| fixed length control field | 170329b xxu||||| |||| 00| 0 eng d |
| 020 ## - INTERNATIONAL STANDARD BOOK NUMBER | |
| International Standard Book Number | 0-8306-2582-8 |
| 082 ## - DEWEY DECIMAL CLASSIFICATION NUMBER | |
| Edition number | 1992 |
| Classification number | DC 005.7565 |
| Item number | St2 |
| 100 ## - MAIN ENTRY--PERSONAL NAME | |
| 9 (RLIN) | 19577 |
| Personal name | Stark, Robin |
| 245 ## - TITLE STATEMENT | |
| Title | FoxPro : |
| Remainder of title | the master reference/ |
| Statement of responsibility, etc. | Robin Stark; Shelley Satonin. |
| 250 ## - EDITION STATEMENT | |
| Edition statement | 2nd Edition. |
| 260 ## - PUBLICATION, DISTRIBUTION, ETC. (IMPRINT) | |
| Place of publication, distribution, etc. | Blue Ridge Summit, PA : |
| Name of publisher, distributor, etc. | Windcrest, |
| Date of publication, distribution, etc. | ©1992. |
| 300 ## - PHYSICAL DESCRIPTION | |
| Extent | xii, 500 pages: |
| Other physical details | illustrations ; |
| Dimensions | 24 cm. |
| 500 ## - GENERAL NOTE | |
| General note | Includes index. |
| 650 #0 - SUBJECT ADDED ENTRY--TOPICAL TERM | |
| 9 (RLIN) | 19578 |
| Topical term or geographic name as entry element | FoxPro (Computer program) |
| 650 #0 - SUBJECT ADDED ENTRY--TOPICAL TERM | |
| 9 (RLIN) | 19579 |
| Topical term or geographic name as entry element | Database management |
| 700 ## - ADDED ENTRY--PERSONAL NAME | |
| 9 (RLIN) | 19580 |
| Personal name | Satonin, Shelley |
| 942 ## - ADDED ENTRY ELEMENTS (KOHA) | |
| Source of classification or shelving scheme | Dewey Decimal Classification |
| Koha item type | Circulation |
| Withdrawn status | Lost status | Source of classification or shelving scheme | Damaged status | Not for loan | Collection code | Home library | Current library | Date acquired | Source of acquisition | Total Checkouts | Full call number | Barcode | Date last seen | Copy number | Price effective from | Koha item type |
|---|---|---|---|---|---|---|---|---|---|---|---|---|---|---|---|---|
| Dewey Decimal Classification | Circulation | UM Digos College - LIC | UM Digos College - LIC | 01/12/1996 | Purchased | DC 005.7565 St2 1992 | 11992 | 05/15/2025 | 2 | 03/29/2017 | Circulation |
